Neuroevolúcia regulátorov spojitých dynamických systémov

Saved in:
Bibliographic Details
Main Author: Kochan, Martin (Author)
Other Authors: Sekaj, Ivan (Thesis advisor)
Format: Manuscript Book
Language:Slovak
Published: Bratislava : STU v Bratislave FEI, 2022
Subjects:
Online Access:https://opac.crzp.sk/?fn=detailBiblioFormChildGOGO0&sid=378281AEB05FBF717131C8A6EBFA&seo=CRZP-detail-kniha
Tags: Add Tag
No Tags, Be the first to tag this record!

MARC

LEADER 00000ntm a22000003a 4500
001 stuzp87551
003 SK-STU
005 20230320102706.4
007 ta
008 150427s2015----xo-----f-mn---000-0-slo-d
040 |a STU  |b slo 
041 0 |a slo 
044 |a xo 
100 1 |a Kochan, Martin  |u 031000  |4 aut  |U FEI Fakulta elektrotechniky a informatiky  |T FEI Ústav robotiky a kybernetiky  |X 86434  |U E011  |Y 356  |7 86434 
242 0 1 |a Neuroevolution of Continuous Dynamic Systems Controllers  |y eng 
245 1 0 |a Neuroevolúcia regulátorov spojitých dynamických systémov 
260 |a Bratislava :  |b STU v Bratislave FEI,  |c 2022 
300 |a 66 s., príl. 
650 4 |a PID regulátor  |2 slo 
650 4 |a Neurónová sieť  |2 slo 
650 4 |a Genetický algoritmus  |2 slo 
650 4 |a PID controller  |2 eng 
650 4 |a Neural network  |2 eng 
650 4 |a Genetic algorithm  |2 eng 
700 1 |a Sekaj, Ivan  |u 031000  |k Z1  |4 ths  |U FEI Fakulta elektrotechniky a informatiky  |T FEI Ústav robotiky a kybernetiky  |X 4946  |U E011  |Y 356  |7 A000004946 
856 4 |u https://opac.crzp.sk/?fn=detailBiblioFormChildGOGO0&sid=378281AEB05FBF717131C8A6EBFA&seo=CRZP-detail-kniha